00621 2200241 4500001002100000005001700021008004100038020001800079035002400097082001000121090002200131100001300153245004200166250000900208260002700217300002900244500002600273650002200299850001600321980001400337985000600351999002200357YOGYA-0209000004602620090227031105.0 ind  a979-763-593-7 0010-020900000046026 a006.3 a006.3bSup KlDEP aSUPARMAN aKomputer masa depancSuparman, Marian aEd.1 aYogyakartabAndic2007 axx, 316 hlmbilusc23 cm aBibliorafi : hlm. 307 aKecerdasan buatan aYOPDYOG (M) a22-6-2007 a1 aCB-D.11 2007-021h